[Event "CYCC U10"]
[Site "Calgary CAN"]
[Date "2023.07.20"]
[Round "4.195"]
[White "Singh, Aarav"]
[Black "Zhong, Brian"]
[Result "1-0"]
[WhiteElo "602"]
[BlackElo "750"]
[PlyCount "31"]
[EventDate "2023.07.19"]
[EventType "swiss"]
[EventRounds "7"]
[EventCountry "CAN"]

1. e4 e5 2. Nf3 Nc6 3. Nc3 Nf6 4. Bc4 Bc5 5. d3 O-O 6. O-O h6 7. Nh4 d6 8. Ng6
Re8 9. Qf3 Be6 10. Nh4 Bxc4 11. dxc4 Nd4 12. Qg3 Bb4 13. Bxh6 g6 14. Nxg6 fxg6
15. Qxg6+ Kh8 16. Qg7# 1-0

[Event "CYCC U10"]
[Site "Calgary CAN"]
[Date "2023.07.20"]
[Round "4.196"]
[White "Liao, Max"]
[Black "Jin, Eric"]
[Result "1-0"]
[WhiteElo "742"]
[BlackElo "663"]
[PlyCount "87"]
[EventDate "2023.07.19"]
[EventType "swiss"]
[EventRounds "7"]
[EventCountry "CAN"]

1. d4 Nf6 2. c4 e6 3. Nf3 Bb4+ 4. Bd2 Qe7 5. a3 Bxd2+ 6. Nbxd2 b6 7. e3 Bb7 8.
Bd3 d5 9. O-O O-O 10. Qe2 Nc6 11. Rab1 Ba6 12. cxd5 Bxd3 13. Qxd3 Nxd5 14. Rfc1
Na5 15. b4 Nb7 16. Ne4 f5 17. Ned2 c5 18. bxc5 bxc5 19. Qb5 a6 20. Qxb7 Rfb8
21. Qxe7 Nxe7 22. Rxb8+ Rxb8 23. dxc5 Kf7 24. Ne5+ Kf6 25. Nd7+ Kf7 26. Nxb8 g5
27. Nd7 h5 28. c6 f4 29. c7 fxe3 30. fxe3 e5 31. c8=Q Nxc8 32. Rxc8 h4 33. Ne4
Ke7 34. Ndc5 Kf7 35. g4 hxg3 36. hxg3 Ke7 37. Rc7+ Kd8 38. Rd7+ Ke8 39. Nd6+
Kf8 40. Ne6+ Kg8 41. Rg7+ Kh8 42. Nf5 e4 43. Nh6 g4 44. Nf7# 1-0

[Event "CYCC U10"]
[Site "Calgary CAN"]
[Date "2023.07.21"]
[Round "5.162"]
[White "Bi, William"]
[Black "Zhang, Kai Zhongkai"]
[Result "0-1"]
[WhiteElo "1470"]
[BlackElo "1341"]
[PlyCount "96"]
[EventDate "2023.07.19"]
[EventType "swiss"]
[EventRounds "7"]
[EventCountry "CAN"]

1. e4 c5 2. Nf3 Nc6 3. d4 cxd4 4. Nxd4 Nf6 5. Nc3 e5 6. Ndb5 d6 7. Bg5 a6 8.
Bxf6 gxf6 9. Na3 b5 10. Nd5 Be6 11. Bd3 Rg8 12. Qf3 Bxd5 13. exd5 Nd4 14. Qh3
Qd7 15. Qxd7+ Kxd7 16. c3 e4 17. cxd4 exd3 18. O-O Rg4 19. f4 Bh6 20. g3 Re8
21. Rad1 Re2 22. Rf2 Re4 23. Rxd3 Bxf4 24. Kf1 Be3 25. Rxf6 Ke7 26. Rf5 Bxd4
27. b3 Re5 28. Rf4 Rxf4+ 29. gxf4 Re4 30. Rf3 Be3 31. f5 Rf4 32. Ke2 Rxf3 33.
Kxf3 Bg1 34. Kg4 Bxh2 35. Kg5 h6+ 36. Kxh6 Kf6 37. Nc2 Kxf5 38. Kg7 f6 39. Nd4+
Ke4 40. Nc2 f5 41. Kf6 f4 42. Ne1 f3 43. Nxf3 Kxf3 44. a4 bxa4 45. bxa4 Ke4 46.
Ke6 Kd4 47. a5 Kc5 48. Kd7 Kxd5 0-1

[Event "CYCC U10"]
[Site "Calgary CAN"]
[Date "2023.07.21"]
[Round "5.163"]
[White "Wu, Bowen"]
[Black "Zhu, Elber"]
[Result "0-1"]
[WhiteElo "1417"]
[BlackElo "1815"]
[PlyCount "108"]
[EventDate "2023.07.19"]
[EventType "swiss"]
[EventRounds "7"]
[EventCountry "CAN"]

1. e4 c5 2. Nf3 d6 3. d4 cxd4 4. Nxd4 Nf6 5. Nc3 g6 6. Bc4 Bg7 7. f3 h5 8. Be3
a6 9. Qd2 Nbd7 10. O-O Ne5 11. Bd3 Qc7 12. f4 Neg4 13. Nde2 Nxe3 14. Qxe3 Ng4
15. Qd2 Qb6+ 16. Kh1 Nf2+ 17. Rxf2 Qxf2 18. Nd5 Qc5 19. Rb1 e6 20. Ne3 Bh6 21.
g3 b5 22. Nd4 O-O 23. Nb3 Qb6 24. Qe2 Bb7 25. Ng2 Rfe8 26. Qd1 Qf2 27. Qf1
Qxf1+ 28. Rxf1 f5 29. Re1 Rac8 30. e5 dxe5 31. fxe5 Red8 32. Kg1 Be4 33. Bxe4
fxe4 34. c3 Rc4 35. Nd4 b4 36. Rxe4 bxc3 37. bxc3 Bd2 38. Re2 Bxc3 39. Nxe6
Rd1+ 40. Kf2 Rd2 41. Rxd2 Bxd2 42. Nef4 Bxf4 43. Nxf4 Kf7 44. Ke3 Ra4 45. h4
Rxa2 46. Kd4 Ra3 47. Kd5 Rxg3 48. Kd6 Rg4 49. e6+ Ke8 50. Nd5 Rd4 51. Ke5 Rxd5+
52. Kxd5 a5 53. Ke5 a4 54. Kf6 a3 0-1

[Event "CYCC U10"]
[Site "Calgary CAN"]
[Date "2023.07.21"]
[Round "5.164"]
[White "Villamar, Flyn"]
[Black "Zhu, Edison"]
[Result "0-1"]
[WhiteElo "984"]
[BlackElo "1501"]
[PlyCount "96"]
[EventDate "2023.07.19"]
[EventType "swiss"]
[EventRounds "7"]
[EventCountry "CAN"]

1. e4 e5 2. Nf3 Nc6 3. Bc4 Nf6 4. d3 Bc5 5. c3 d6 6. Bg5 Bg4 7. h3 Bh5 8. Nbd2
h6 9. Bh4 g5 10. Bg3 a6 11. Bh2 b5 12. Bb3 O-O 13. g4 Bg6 14. Rg1 Re8 15. h4
gxh4 16. Nxh4 Nxe4 17. Nxe4 Qxh4 18. Bg3 Qd8 19. Qf3 Bxe4 20. Qxf7+ Kh8 21.
dxe4 Rf8 22. Qg6 Qf6 23. Qxf6+ Rxf6 24. Bd5 Raf8 25. Bxc6 Bxf2+ 26. Bxf2 Rxf2
27. b4 Rh2 28. Bb7 Rff2 29. Bxa6 Re2+ 30. Kd1 Rxa2 31. Rxa2 Rxa2 32. Rf1 Rxa6
33. Rf6 Kg7 34. Re6 Ra1+ 35. Ke2 Rg1 36. Kf3 Rf1+ 37. Kg2 Rf4 38. Re7+ Kf6 39.
Rxc7 Rxe4 40. Kh3 Rc4 41. Rxc4 bxc4 42. Kg3 d5 43. b5 Ke6 44. b6 Kd6 45. b7 Kc7
46. b8=Q+ Kxb8 47. Kf3 d4 48. Ke2 d3+ 0-1

[Event "CYCC U10"]
[Site "Calgary CAN"]
[Date "2023.07.21"]
[Round "5.165"]
[White "Yao, Lucas"]
[Black "Ramesan, Raunak Amit"]
[Result "1-0"]
[WhiteElo "1419"]
[BlackElo "1287"]
[PlyCount "115"]
[EventDate "2023.07.19"]
[EventType "swiss"]
[EventRounds "7"]
[EventCountry "CAN"]

1. e4 e5 2. Nf3 Nc6 3. Bb5 f5 4. d3 fxe4 5. dxe4 Nf6 6. O-O Bc5 7. Bxc6 bxc6 8.
Nxe5 O-O 9. Nc3 Ba6 10. Nd3 Bd4 11. Re1 Qe7 12. e5 Bxd3 13. Qxd3 Qc5 14. Be3
Bxe3 15. Qxe3 Qxe3 16. Rxe3 Ng4 17. Re2 Rae8 18. Rae1 Re6 19. f3 Nh6 20. Rd1
Re7 21. Rdd2 Rff7 22. f4 Nf5 23. Rd3 h5 24. Ne4 d6 25. exd6 Rxe4 26. d7 Rxd7
27. Rxd7 Rxf4 28. g3 Rc4 29. c3 Ne3 30. Re1 Nd5 31. Rf1 Ra4 32. Re1 Kh7 33. Re6
Rc4 34. Kf2 h4 35. Ke2 h3 36. Kd3 Ra4 37. a3 Rf4 38. gxf4 Nxf4+ 39. Kd2 Nxe6
40. Re7 Ng5 41. Ke2 Kh6 42. Rxc7 g6 43. Rxc6 Kh5 44. Kf2 Ne4+ 45. Ke3 Ng5 46.
Kf4 Nf7 47. Rc7 Ng5 48. Rc5 Kh4 49. Rxg5 a5 50. Rg4+ Kh5 51. c4 a4 52. c5 g5+
53. Rxg5+ Kh4 54. Rg4+ Kh5 55. c6 Kh6 56. c7 Kh7 57. c8=R Kh6 58. Rh8# 1-0

[Event "CYCC U10"]
[Site "Calgary CAN"]
[Date "2023.07.21"]
[Round "5.166"]
[White "Xu, Ryan"]
[Black "Dembla, Shabd"]
[Result "1-0"]
[WhiteElo "1909"]
[BlackElo "1274"]
[PlyCount "49"]
[EventDate "2023.07.19"]
[EventType "swiss"]
[EventRounds "7"]
[EventCountry "CAN"]

1. d4 d5 2. c4 c6 3. Nf3 Nf6 4. g3 e6 5. Bg2 Bb4+ 6. Nbd2 Nbd7 7. O-O O-O 8.
Qc2 Re8 9. e4 Bxd2 10. Nxd2 dxe4 11. Nxe4 h6 12. Rd1 Nxe4 13. Qxe4 Nf6 14. Qe2
Bd7 15. Bf4 Nh7 16. Rac1 Nf8 17. Qc2 Ng6 18. Bd6 f5 19. Re1 Qg5 20. Qb3 b6 21.
d5 cxd5 22. cxd5 e5 23. Rc7 Bc8 24. Bb4 e4 25. Qa4 1-0

[Event "CYCC U10"]
[Site "Calgary CAN"]
[Date "2023.07.21"]
[Round "5.167"]
[White "Yu, Zongyan"]
[Black "Dave, Jashank"]
[Result "1-0"]
[WhiteElo "1493"]
[BlackElo "1265"]
[PlyCount "171"]
[EventDate "2023.07.19"]
[EventType "swiss"]
[EventRounds "7"]
[EventCountry "CAN"]

1. e4 e5 2. Nf3 Nc6 3. Bc4 Nf6 4. Nc3 Bc5 5. d3 h6 6. h3 d6 7. a3 Nd4 8. Be3
Bd7 9. Bxd4 Bxd4 10. Nxd4 exd4 11. Ne2 c5 12. O-O O-O 13. Qd2 b5 14. Ba2 Re8
15. c3 dxc3 16. Nxc3 a5 17. Nd5 Bc6 18. Nxf6+ Qxf6 19. f3 Qd4+ 20. Qf2 Qxf2+
21. Rxf2 Rad8 22. Rc1 Bb7 23. b4 axb4 24. axb4 Rc8 25. Rfc2 Ra8 26. Bb1 cxb4
27. Rb2 Rec8 28. Rxc8+ Rxc8 29. Rxb4 Ba6 30. Kf2 Kf8 31. Ke3 Ke7 32. Kd4 Rc5
33. Rb3 g5 34. Ke3 f6 35. d4 Rc6 36. Bd3 Rb6 37. Kd2 Kd8 38. Kc3 b4+ 39. Kd2
Bxd3 40. Kxd3 Kd7 41. Rb2 b3 42. Kc4 Kc8 43. Rxb3 Rxb3 44. Kxb3 Kb7 45. Kc3 Kc7
46. g4 Kc6 47. Kc4 Kc7 48. Kd5 Kd7 49. e5 dxe5 50. dxe5 fxe5 51. Kxe5 Ke7 52.
f4 gxf4 53. Kxf4 Kf6 54. h4 Kg6 55. Ke5 Kf7 56. Kf5 Kg7 57. Ke6 Kg6 58. Ke7 h5
59. g5 Kg7 60. Ke6 Kg6 61. Ke5 Kf7 62. Kd6 Kf8 63. Ke6 Kg7 64. Kf5 Kh7 65. Kf6
Kg8 66. Kg6 Kh8 67. Kxh5 Kg7 68. Kg4 Kh7 69. h5 Kg7 70. Kf5 Kg8 71. Kg6 Kh8 72.
h6 Kg8 73. h7+ Kh8 74. Kf7 Kxh7 75. g6+ Kh6 76. g7 Kg5 77. g8=Q+ Kf5 78. Qg6+
Kf4 79. Ke6 Ke3 80. Qg4 Kd2 81. Qg3 Kc1 82. Qf2 Kb1 83. Kd5 Ka1 84. Kc4 Kb1 85.
Kb3 Kc1 86. Qc2# 1-0

[Event "CYCC U10"]
[Site "Calgary CAN"]
[Date "2023.07.21"]
[Round "5.168"]
[White "Yang, Larry"]
[Black "Liu, Zipei"]
[Result "0-1"]
[WhiteElo "1170"]
[BlackElo "1364"]
[PlyCount "138"]
[EventDate "2023.07.19"]
[EventType "swiss"]
[EventRounds "7"]
[EventCountry "CAN"]

1. e4 e5 2. Nf3 Nc6 3. Bc4 Bc5 4. d3 Nf6 5. c3 O-O 6. O-O d6 7. h3 Be6 8. Nbd2
d5 9. exd5 Bxd5 10. Bxd5 Nxd5 11. Ne4 Bb6 12. Qc2 h6 13. Re1 Qd7 14. Bd2 Rae8
15. Rad1 f5 16. Ng3 Qd6 17. Qb3 Kh8 18. Kh1 Bxf2 19. Nf1 Bxe1 20. Rxe1 e4 21.
dxe4 fxe4 22. N3h2 e3 23. Bxe3 Nxe3 24. Rxe3 Rxe3 25. Nxe3 Qd3 26. Qe6 Qb1+ 27.
Nef1 Rxf1+ 28. Nxf1 Qxf1+ 29. Kh2 Qf8 30. Qe4 Qf6 31. Qe8+ Kh7 32. Qe4+ Qg6 33.
Qf3 h5 34. h4 Ne5 35. Qf1 Qg4 36. Qf2 Qe4 37. Qf1 Qxh4+ 38. Kg1 Qf6 39. Qe2 Ng4
40. Qe4+ Kh6 41. Qe2 Qf4 42. Qe6+ g6 43. Qe1 Qe3+ 44. Qxe3+ Nxe3 45. Kf2 Nd1+
46. Ke2 Nxb2 47. Ke3 Nd1+ 48. Kd3 Nb2+ 49. Ke3 Kg5 50. Kf3 Na4 51. c4 Nb2 52.
c5 Nd3 53. c6 bxc6 54. a4 Nb2 55. a5 Nc4 56. a6 Ne5+ 57. Ke4 Nd7 58. Kd4 Nb8
59. Kc5 Kg4 60. Kc4 Nxa6 61. Kd4 Kg3 62. Ke5 g5 63. Kd4 h4 64. Kc4 g4 65. Kb3
h3 66. gxh3 gxh3 67. Ka4 h2 68. Ka5 h1=Q 69. Kxa6 Qa1+ 0-1

[Event "CYCC U10"]
[Site "Calgary CAN"]
[Date "2023.07.21"]
[Round "5.169"]
[White "Chua, Zachary"]
[Black "Pan, Julian"]
[Result "1-0"]
[WhiteElo "1355"]
[BlackElo "990"]
[PlyCount "123"]
[EventDate "2023.07.19"]
[EventType "swiss"]
[EventRounds "7"]
[EventCountry "CAN"]

1. e4 e5 2. Nf3 Nc6 3. d4 exd4 4. Nxd4 Bc5 5. Be3 Qf6 6. c3 Nge7 7. Bc4 Bxd4 8.
Bxd4 Nxd4 9. Qxd4 Qxd4 10. cxd4 c6 11. Nc3 b5 12. Bd3 Bb7 13. O-O O-O 14. Rad1
Rae8 15. Rfe1 Ng6 16. b4 a6 17. a4 f6 18. a5 Nf4 19. f3 d5 20. Kf2 g6 21. Bc2
Re6 22. g3 Nh3+ 23. Kg2 Ng5 24. h4 Nf7 25. Bb3 Rd8 26. exd5 Rxe1 27. Rxe1 cxd5
28. Re7 Nd6 29. Nxd5 Bxd5 30. Bxd5+ Kh8 31. Bc6 Nf5 32. Rd7 Rxd7 33. Bxd7 Nxd4
34. Bc8 Nc2 35. Bxa6 Nxb4 36. Bxb5 Kg7 37. a6 Nxa6 38. Bxa6 g5 39. hxg5 fxg5
40. Kh3 h5 41. Bd3 Kh6 42. g4 h4 43. Kg2 Kg7 44. Bf1 Kf6 45. Kf2 Ke6 46. Ke3
Ke5 47. Bh3 Kd5 48. f4 gxf4+ 49. Kxf4 Ke6 50. g5+ Kf7 51. Kg4 Kg7 52. Kxh4 Kg6
53. Bg4 Kg7 54. Kh5 Kh7 55. g6+ Kg7 56. Kg5 Kh8 57. Kf6 Kg8 58. Be6+ Kh8 59.
g7+ Kh7 60. g8=R Kh6 61. Rg5 Kh7 62. Rh5# 1-0

[Event "CYCC U10"]
[Site "Calgary CAN"]
[Date "2023.07.21"]
[Round "5.171"]
[White "Mutyalapati, Modith Aaroh"]
[Black "Vu, Huy Minh"]
[Result "0-1"]
[WhiteElo "1581"]
[BlackElo "1273"]
[PlyCount "118"]
[EventDate "2023.07.19"]
[EventType "swiss"]
[EventRounds "7"]
[EventCountry "CAN"]

1. e4 e5 2. Nf3 Nc6 3. Bb5 a6 4. Bxc6 dxc6 5. Nc3 Bd6 6. d4 Qe7 7. h3 h6 8. O-O
Bd7 9. Be3 O-O-O 10. dxe5 Bxe5 11. Nxe5 Qxe5 12. f4 Qe7 13. Qd4 b6 14. Qxg7 Nf6
15. Bd4 Nxe4 16. Rae1 Rdg8 17. Rxe4 Qh4 18. Qxh8 Rxh8 19. Bxh8 Qd8 20. Bg7 Bxh3
21. Bxh6 Bf5 22. Rd1 Qh8 23. Re5 Bg4 24. Bg7 Qxg7 25. Rg5 Qh7 26. Rxg4 Qxc2 27.
Rg8+ Kb7 28. Rgd8 Qxb2 29. R8d3 b5 30. g4 Qb4 31. Rf3 a5 32. g5 a4 33. Kg2 Qc4
34. Rb1 Ka6 35. Kg3 Ka5 36. a3 Qc5 37. Kg4 Qc4 38. Rb4 Qe6+ 39. f5 Qe5 40. Re4
Qh2 41. Rg3 c5 42. Re5 Qf2 43. Re2 Qd4+ 44. Re4 Qd6 45. Kh4 b4 46. Na2 Qd5 47.
axb4+ cxb4 48. Rxb4 Qxa2 49. Rb8 Qh2+ 50. Kg4 Qe2+ 51. Kf4 Qf1+ 52. Rf3 Qc1+
53. Re3 c5 54. g6 Qc4+ 55. Re4 Qc1+ 56. Re3 Qf1+ 57. Rf3 Qc4+ 58. Kg5 fxg6 59.
Kxg6 Qg4+ 0-1

[Event "CYCC U10"]
[Site "Calgary CAN"]
[Date "2023.07.21"]
[Round "5.172"]
[White "Fung, Ryan"]
[Black "Dunikov, David"]
[Result "0-1"]
[WhiteElo "1096"]
[BlackElo "1454"]
[PlyCount "130"]
[EventDate "2023.07.19"]
[EventType "swiss"]
[EventRounds "7"]
[EventCountry "CAN"]

1. e4 e5 2. Nf3 Nf6 3. Nxe5 d6 4. Nf3 Nxe4 5. Qe2 Qe7 6. d3 Nf6 7. Qxe7+ Bxe7
8. Be2 O-O 9. O-O Nc6 10. Bg5 Nd5 11. Nbd2 Re8 12. Rfe1 Bxg5 13. Nxg5 Nf4 14.
Bf3 Bd7 15. h3 Nd4 16. Rac1 Rxe1+ 17. Rxe1 Nxc2 18. Rc1 Nb4 19. Rxc7 Bc6 20.
Bxc6 bxc6 21. a3 Nbxd3 22. Rxc6 f6 23. Ngf3 d5 24. b4 h6 25. Rd6 Re8 26. g3
Nxh3+ 27. Kg2 Nhxf2 28. Rxd5 Re2 29. Kf1 Re7 30. Kg2 g5 31. Kf1 Kg7 32. Rd4 Rc7
33. Kg2 Rc3 34. Rd7+ Kg6 35. Rxa7 Ng4 36. b5 Ne3+ 37. Kg1 Rc1+ 38. Kh2 Nf2 39.
Ng1 Rc2 40. Ndf3 Ne4+ 41. Kh3 g4+ 42. Kh4 h5 43. Rg7+ Kxg7 44. Kxh5 gxf3 45.
Nxf3 Nxg3+ 46. Kh4 Nef5+ 47. Kh3 Rc3 48. Nh2 Rxa3 49. Ng4 Rb3 50. Nf2 Rxb5 51.
Ng4 Nh6 52. Nxh6 Kxh6 53. Kxg3 Rb4 54. Kf3 Kg5 55. Ke3 f5 56. Kf3 Re4 57. Kg3
f4+ 58. Kf3 Re3+ 59. Kg2 Kg4 60. Kf2 Re4 61. Kg2 f3+ 62. Kf2 Re2+ 63. Kg1 Kg3
64. Kf1 Re3 65. Kg1 Re1# 0-1

[Event "CYCC U10"]
[Site "Calgary CAN"]
[Date "2023.07.21"]
[Round "5.173"]
[White "Deng, Jeffrey"]
[Black "Yin, Aiden"]
[Result "1-0"]
[WhiteElo "837"]
[BlackElo "1300"]
[PlyCount "139"]
[EventDate "2023.07.19"]
[EventType "swiss"]
[EventRounds "7"]
[EventCountry "CAN"]

1. c4 c5 2. e3 g6 3. d4 cxd4 4. exd4 Nf6 5. Nf3 d6 6. Be2 Bg7 7. O-O O-O 8. Nc3
Bf5 9. Bf4 Nc6 10. Rc1 e6 11. Re1 d5 12. cxd5 exd5 13. a3 Qb6 14. Na4 Qd8 15.
Nc5 Qc8 16. Qb3 Na5 17. Qb4 b6 18. Ba6 Nc6 19. Qb5 Qd8 20. Qxc6 bxc5 21. Bb7
Nh5 22. Bc7 Bd7 23. Bxa8 Bxc6 24. Bxd8 Bxa8 25. Be7 Rc8 26. Bxc5 a6 27. Bd6 Rd8
28. Rc7 Rxd6 29. Rc8+ Bf8 30. Rxa8 Kg7 31. Ree8 Rc6 32. h3 Bd6 33. Re1 Nf4 34.
Ra7 Nd3 35. Rb1 Nxb2 36. g3 Bxa3 37. Ra1 Nc4 38. Ne5 Nxe5 39. dxe5 Bb2 40.
R1xa6 Rc1+ 41. Kg2 Bxe5 42. Ra5 Bd4 43. R7a6 Rc2 44. Ra2 Rc5 45. R6a5 Kf6 46.
Rxc5 Bxc5 47. Ra5 Bb6 48. Rxd5 Ke6 49. Rb5 Bc7 50. g4 Kd6 51. Kf3 Kc6 52. Rb4
Kc5 53. Re4 Kd5 54. Re7 Bd6 55. Rxf7 h5 56. gxh5 gxh5 57. Rf5+ Ke6 58. Rxh5 Bf8
59. Kg4 Bg7 60. f4 Bf6 61. f5+ Kf7 62. Rh7+ Kg8 63. Rb7 Kf8 64. h4 Kg8 65. h5
Kh8 66. h6 Kg8 67. Kh5 Kh8 68. Kg6 Be5 69. f6 Bxf6 70. Rb8+ 1-0

[Event "CYCC U10"]
[Site "Calgary CAN"]
[Date "2023.07.21"]
[Round "5.174"]
[White "Kola, Venkata Saket Reddy"]
[Black "Kovalivskyi, Danylo"]
[Result "1-0"]
[WhiteElo "973"]
[BlackElo "1277"]
[PlyCount "92"]
[EventDate "2023.07.19"]
[EventType "swiss"]
[EventRounds "7"]
[EventCountry "CAN"]

1. e4 e5 2. Nf3 Nc6 3. Bc4 Nf6 4. Ng5 d5 5. exd5 Na5 6. Bb5+ c6 7. dxc6 bxc6 8.
Qf3 Qc7 9. O-O Bb7 10. Ba4 h6 11. Ne4 Be7 12. Nbc3 O-O 13. b4 Nc4 14. d3 Nd6
15. Nxf6+ Bxf6 16. Bxh6 Kh7 17. Bd2 Rh8 18. Ne4 Nxe4 19. dxe4 Kg8 20. Qc3 Rh4
21. Rfe1 g6 22. b5 Rc8 23. bxc6 Bxc6 24. Qxc6 Qxc6 25. Bxc6 Rxc6 26. c3 Rc4 27.
f3 Bd8 28. Kf2 Bb6+ 29. Kg3 Rh8 30. Rab1 Kg7 31. Rb4 Rc6 32. Be3 Bd8 33. Rc1
Bh4+ 34. Kg4 f5+ 35. exf5 a5 36. Rb5 Rc4+ 37. f4 g5 38. g3 gxf4 39. gxf4 exf4
40. Bd4+ Bf6 41. Rb7+ Kh6 42. Bxf6 Rg8+ 43. Kf3 Re8 44. Rg1 Re3+ 45. Kf2 Rce4
46. Rg6+ Kh5 1-0

[Event "CYCC U10"]
[Site "Calgary CAN"]
[Date "2023.07.21"]
[Round "5.175"]
[White "Wang, Lucas"]
[Black "Zhang, Jasper"]
[Result "1-0"]
[WhiteElo "1472"]
[BlackElo "1051"]
[PlyCount "117"]
[EventDate "2023.07.19"]
[EventType "swiss"]
[EventRounds "7"]
[EventCountry "CAN"]

1. d4 d5 2. Bf4 Nf6 3. e3 Bf5 4. Nf3 Nbd7 5. Be2 e6 6. O-O Be7 7. c4 c6 8. Nc3
dxc4 9. Bxc4 b5 10. Bb3 O-O 11. Qe2 a5 12. e4 Bg6 13. Bc2 Nb6 14. e5 Nfd5 15.
Nxd5 Nxd5 16. Bg3 Bxc2 17. Qxc2 Nb4 18. Qd2 Qd5 19. a3 Na6 20. Rac1 Nc7 21. Qc2
Ra6 22. Bf4 h6 23. Rfd1 Qd7 24. Qd2 Kh7 25. Qd3+ Kg8 26. Rc2 Nd5 27. Bc1 Rb6
28. Qe4 Rc8 29. Ne1 a4 30. Rd3 Bd8 31. Rg3 g5 32. h4 f5 33. exf6 Nxf6 34. Qd3
Qf7 35. hxg5 Nh5 36. Rf3 Qe8 37. gxh6 Nf6 38. Bg5 Nh7 39. Bxd8 Rxd8 40. Rg3+
Kh8 41. Rg7 Nf6 42. Rc5 Rd7 43. Rxd7 Qxd7 44. Qg6 Nd5 45. Nf3 Qh7 46. Qxe6 Qb1+
47. Kh2 Qh7 48. Qe5+ Nf6 49. Qxf6+ Kg8 50. Qd8+ Kf7 51. Ne5+ Ke6 52. Qc8+ Kf6
53. Ng4+ Kf7 54. Qd7+ Kf8 55. Qxh7 Rb7 56. Qxb7 b4 57. Ne5 Ke8 58. Qd7+ Kf8 59.
Qd8# 1-0

[Event "CYCC U10"]
[Site "Calgary CAN"]
[Date "2023.07.21"]
[Round "5.176"]
[White "Li, Ryan"]
[Black "Radic, Marko"]
[Result "1/2-1/2"]
[WhiteElo "1443"]
[BlackElo "766"]
[PlyCount "44"]
[EventDate "2023.07.19"]
[EventType "swiss"]
[EventRounds "7"]
[EventCountry "CAN"]

1. e4 e5 2. Nf3 Nc6 3. d4 exd4 4. Nxd4 Nf6 5. Nc3 Bb4 6. Nxc6 Bxc3+ 7. bxc3
bxc6 8. Bg5 h6 9. Bh4 g5 10. Bg3 O-O 11. Qd4 Nxe4 12. Be5 d5 13. f3 Nd6 14. Bd3
f6 15. Bxd6 Qxd6 16. O-O c5 17. Qf2 c4 18. Be2 Bf5 19. Rad1 Bxc2 20. Rd2 Bd3
21. Bxd3 cxd3 22. Rxd3 Rfd8 1/2-1/2

[Event "CYCC U10"]
[Site "Calgary CAN"]
[Date "2023.07.21"]
[Round "5.177"]
[White "Christopher, Jack"]
[Black "Anish, Diganth"]
[Result "0-1"]
[WhiteElo "867"]
[BlackElo "1333"]
[PlyCount "46"]
[EventDate "2023.07.19"]
[EventType "swiss"]
[EventRounds "7"]
[EventCountry "CAN"]

1. e4 c5 2. c3 d6 3. d4 cxd4 4. cxd4 Nf6 5. Nc3 g6 6. Bc4 Bg7 7. Nf3 O-O 8. O-O
Nc6 9. a3 Bg4 10. h3 Bxf3 11. gxf3 Qd7 12. Kh2 Nh5 13. Ne2 e6 14. Be3 d5 15.
exd5 exd5 16. Bb3 Rfe8 17. Ng3 Qd6 18. Rg1 f5 19. Qd2 f4 20. Rae1 fxe3 21. Rxe3
Nxd4 22. Rxe8+ Rxe8 23. Ba2 Nxf3+ 0-1

[Event "CYCC U10"]
[Site "Calgary CAN"]
[Date "2023.07.21"]
[Round "5.178"]
[White "Moses, Niam"]
[Black "Yin, Andrew"]
[Result "0-1"]
[WhiteElo "860"]
[BlackElo "1171"]
[PlyCount "98"]
[EventDate "2023.07.19"]
[EventType "swiss"]
[EventRounds "7"]
[EventCountry "CAN"]

1. e4 c5 2. Nf3 g6 3. c3 Bg7 4. d4 cxd4 5. cxd4 d5 6. e5 Bg4 7. Be3 e6 8. Nbd2
Nc6 9. Be2 Qb6 10. Nb3 Nge7 11. O-O O-O 12. Qd2 Nf5 13. h3 Bxf3 14. Bxf3 f6 15.
Nc5 Rae8 16. Nd7 Qc7 17. Nxf8 Rxf8 18. Rfe1 fxe5 19. dxe5 Nxe5 20. Be2 Nh4 21.
Qc1 Qf7 22. Qd1 d4 23. Bxd4 Rd8 24. Kh1 Nc6 25. Bc4 Nxd4 26. Qxd4 Rxd4 27. Bxe6
Rd2 28. Rac1 Qxe6 29. Rxe6 Rxf2 30. Rc7 Rxb2 31. Ree7 Bf8 32. Rxh7 Rb1+ 33. Kh2
Bd6+ 34. g3 Bxc7 35. Rxc7 Rb2+ 36. Kg1 Nf3+ 37. Kf1 Rxa2 38. Rxb7 a5 39. h4 a4
40. h5 gxh5 41. g4 Nh2+ 42. Kg1 Nxg4 43. Kh1 a3 44. Rb1 Rb2 45. Ra1 a2 46. Rxa2
Rxa2 47. Kg1 h4 48. Kh1 h3 49. Kg1 Ra1# 0-1

[Event "CYCC U10"]
[Site "Calgary CAN"]
[Date "2023.07.21"]
[Round "5.179"]
[White "Wu, Yihang"]
[Black "Liu, William"]
[Result "1-0"]
[WhiteElo "989"]
[BlackElo "750"]
[PlyCount "107"]
[EventDate "2023.07.19"]
[EventType "swiss"]
[EventRounds "7"]
[EventCountry "CAN"]

1. e4 c6 2. d4 d5 3. exd5 cxd5 4. Nf3 Nc6 5. c3 Bf5 6. Bb5 a6 7. Bxc6+ bxc6 8.
Ne5 Qb6 9. Qf3 e6 10. O-O Bd6 11. Re1 Nf6 12. Nd2 O-O 13. Nb3 Rfe8 14. Bg5 Ne4
15. Bf4 Bxe5 16. Bxe5 c5 17. dxc5 Nxc5 18. Bd4 Rac8 19. Qe3 Qc6 20. Nxc5 e5 21.
Nb3 exd4 22. Qxd4 Rxe1+ 23. Rxe1 Re8 24. Re5 Rxe5 25. Qxe5 g6 26. Nd4 Qd7 27.
Nxf5 Qxf5 28. Qxf5 gxf5 29. f4 Kf8 30. Kf2 Ke7 31. Ke3 Ke6 32. Kd4 Kd6 33. g3
f6 34. b4 h6 35. a3 h5 36. a4 Kc6 37. b5+ axb5 38. axb5+ Kd6 39. b6 Kc6 40. b7
Kxb7 41. Kxd5 Kc7 42. c4 Kd7 43. c5 h4 44. gxh4 Kc7 45. c6 Kc8 46. h5 Kc7 47.
h6 Kc8 48. h7 Kd8 49. h8=Q+ Kc7 50. Qg7+ Kb6 51. Qb7+ Ka5 52. c7 Ka4 53. c8=R
Ka5 54. Ra8# 1-0

[Event "CYCC U10"]
[Site "Calgary CAN"]
[Date "2023.07.21"]
[Round "5.180"]
[White "Zhang, Eric"]
[Black "Nguyen, Dennis"]
[Result "1-0"]
[WhiteElo "468"]
[BlackElo "984"]
[PlyCount "145"]
[EventDate "2023.07.19"]
[EventType "swiss"]
[EventRounds "7"]
[EventCountry "CAN"]

1. e4 e5 2. Nf3 Nc6 3. c3 Bc5 4. d4 exd4 5. cxd4 Bb4+ 6. Nc3 Nf6 7. a3 Bxc3+ 8.
bxc3 Nxe4 9. Bc4 O-O 10. Qc2 Re8 11. O-O d5 12. Bb3 Bf5 13. Qb2 Na5 14. Ba4 Re6
15. Qb5 c6 16. Qb4 Qb6 17. Ne5 Qxb4 18. cxb4 Nc4 19. Nxc4 dxc4 20. Bc2 Bg6 21.
Re1 Nf6 22. Rxe6 fxe6 23. Bd1 Rd8 24. Bb2 Ne8 25. Rc1 b5 26. Bf3 Rc8 27. Re1
Bf7 28. Bg4 Nc7 29. Bf3 Nd5 30. Bg4 c3 31. Bc1 Re8 32. f3 h5 33. Bh3 Kf8 34. g4
hxg4 35. fxg4 Ke7 36. Bg5+ Kd7 37. Bg2 Ra8 38. Bxd5 cxd5 39. Rc1 Rc8 40. Bh4 c2
41. Kf2 Bg6 42. Bg3 Ra8 43. Ke3 a5 44. h4 axb4 45. axb4 Ra2 46. h5 Bh7 47. g5
Rb2 48. g6 Rb1 49. gxh7 Rxc1 50. h8=Q Re1+ 51. Bxe1 c1=Q+ 52. Bd2 Qg1+ 53. Kd3
Qg3+ 54. Kc2 e5 55. Qh7 e4 56. Qf5+ Kd6 57. Qf8+ Ke6 58. Qe8+ Kf5 59. Qf7+ Kg4
60. Qxg7+ Kf3 61. Qxg3+ Kxg3 62. h6 Kf3 63. h7 e3 64. Bxe3 Kxe3 65. h8=Q Ke2
66. Qh3 Kf2 67. Qd3 Kg2 68. Qe3 Kh1 69. Qe2 Kg1 70. Kd3 Kh1 71. Ke3 Kg1 72. Kf3
Kh1 73. Qg2# 1-0

[Event "CYCC U10"]
[Site "Calgary CAN"]
[Date "2023.07.21"]
[Round "5.187"]
[White "Nguyen, Gia Minh"]
[Black "Maslov, Yan"]
[Result "0-1"]
[WhiteElo "658"]
[BlackElo "799"]
[PlyCount "54"]
[EventDate "2023.07.19"]
[EventType "swiss"]
[EventRounds "7"]
[EventCountry "CAN"]

1. e4 e5 2. Nf3 Nc6 3. Bb5 Nf6 4. Nc3 Bb4 5. O-O O-O 6. Bxc6 bxc6 7. Nxe5 Re8
8. Nf3 Bxc3 9. dxc3 Nxe4 10. Re1 d5 11. Bg5 Nxg5 12. Nxg5 Bf5 13. Rxe8+ Qxe8
14. Qe1 Bxc2 15. Qd2 Bf5 16. Re1 Qd7 17. Qf4 Re8 18. Rxe8+ Qxe8 19. g4 Qe1+ 20.
Kg2 Be4+ 21. f3 Qe2+ 22. Kg3 f6 23. Nxe4 dxe4 24. fxe4 Qxb2 25. Qxc7 Qxc3+ 26.
Kh4 g5+ 27. Kh5 Qh3# 0-1

[Event "CYCC U10"]
[Site "Calgary CAN"]
[Date "2023.07.21"]
[Round "5.188"]
[White "Wu, Freddie"]
[Black "Li, Markus"]
[Result "1/2-1/2"]
[WhiteElo "1337"]
[BlackElo "725"]
[PlyCount "71"]
[EventDate "2023.07.19"]
[EventType "swiss"]
[EventRounds "7"]
[EventCountry "CAN"]

1. e4 e5 2. Nf3 Nc6 3. d4 Nxd4 4. Nxe5 Nc6 5. Nxc6 bxc6 6. Bc4 Bc5 7. O-O d6 8.
Be3 Bb6 9. Nc3 Nf6 10. Qf3 Bg4 11. Qg3 h6 12. h3 Bd7 13. Qxg7 Rf8 14. Bxh6 Qe7
15. Bg5 Rg8 16. Qxg8+ Nxg8 17. Bxe7 Kxe7 18. Rfe1 Nh6 19. e5 d5 20. Bd3 Nf5 21.
Bxf5 Bxf5 22. g4 Bxc2 23. Re2 Bd3 24. Rd2 Bg6 25. Na4 Ba5 26. Rdd1 Bh7 27. Rd4
Bb6 28. Nxb6 cxb6 29. Rc1 Be4 30. Rxc6 Bb1 31. a3 Be4 32. Kf1 Rh8 33. Rc7+ Ke6
34. Rxa7 Bf3 35. Ke1 Kxe5 36. Rd3 1/2-1/2